000 00365nam a2200133Ia 4500
008 151001s9999||||xx |||||||||||||| ||und||
100 _aसुदर्शन भाटीया
245 _aमानव कि रोचक बाते
250 _a1
260 _bसरोज बुक्स
260 _c2010
300 _a128
365 _b21
999 _c995681
_d995678